Âm nhạc 5
Kaydedildi:
| Yazar: | |
|---|---|
| Diğer Yazarlar: | , , , |
| Materyal Türü: | Kitap |
| Baskı/Yayın Bilgisi: |
Hà Nội
Giáo dục Việt Nam
2014
|
| Konular: | |
| Etiketler: |
Etiketle
Etiket eklenmemiş, İlk siz ekleyin!
|
| Thư viện lưu trữ: | Trung tâm Học liệu Lê Vũ Hùng, Trường Đại học Đồng Tháp |
|---|
| LEADER | 00799pam a22002418a 4500 | ||
|---|---|---|---|
| 001 | 00038108 | ||
| 005 | 20171109071138.0 | ||
| 008 | 170515s2014 ||||||Viesd | ||
| 041 | 0 | # | |a Vie |
| 082 | 1 | 4 | |a 372.87 |b Â120NH |
| 100 | 1 | # | |a Hoàng, Long |
| 245 | 1 | 0 | |a Âm nhạc 5 |c Hoàng Long (chủ biên), Lê Minh Châu, Hoàng Lân {những người khác] |
| 260 | # | # | |a Hà Nội |b Giáo dục Việt Nam |c 2014 |
| 300 | # | # | |a 64tr. |c 24 cm |
| 653 | # | # | |a Âm nhạc |
| 700 | 1 | # | |a Hoàng, Lân |
| 700 | 1 | # | |a Lê, Anh Tuấn |
| 700 | 1 | # | |a Lê, Minh Châu |
| 700 | 1 | # | |a Lê, Đức Sang |
| 852 | # | # | |b Kho đọc |j KD.1001304 |
| 852 | # | # | |j KD.0021587 |j KM.0022725 |
| 910 | |d 15/05/2017 | ||
| 980 | # | # | |a Trung tâm Học liệu Lê Vũ Hùng, Trường Đại học Đồng Tháp |